000 00523cam a2200217 4500
001 B3132
008 090401t1990 xxu||||| |||| 00| 0 eng d
035 _a(Sirsi) u54194
041 _aeng
050 _a599.3233
100 _aHall, J.
245 _aRats in drains
260 _aGarston,Watford
_bBuilding Research Establishment
_c1990
300 _a(4)p. : ill. ; 30cm.
350 _a0
490 _aBRE Information Paper
_v6/90
650 _aSEWERS
700 _aGriggs, J.
942 _n0
948 _c04/03/1997
999 _c93434
_d93434